Normal view
MARC view
- Begum Zakir Ijaz
Entry Personal Name
001 - CONTROL NUMBER
- control field: 127690
003 - CONTROL NUMBER IDENTIFIER
- control field: NUST
005 - DATE AND TIME OF LATEST TRANSACTION
- control field: 20250122094200.0
008 - FIXED-LENGTH DATA ELEMENTS
- fixed length control field: 250122|| aca||aabn | a|a d
040 ## - CATALOGING SOURCE
- Original cataloging agency: NUST
- Transcribing agency: NUST
100 ## - HEADING--PERSONAL NAME
- Personal name: Begum Zakir Ijaz
670 ## - SOURCE DATA FOUND
- Source citation: Work cat.: (NUST): Begum Zakir Ijaz, Hazrat Ayesha (R.A)
